[Event "Syre Memorial op 34th"]
[Site "Issy les Moulineaux"]
[Date "2011.06.04"]
[Round "5"]
[White "Kirszenberg, Marc"]
[Black "Houdayer, Jerome"]
[Result "1-0"]
[WhiteElo "2176"]
[BlackElo "1831"]
[PlyCount "169"]
[EventDate "2011.06.03"]
[EventType "swiss"]
[EventRounds "6"]
[EventCountry "FRA"]
[SourceTitle "EXT 2012"]
[Source "ChessBase"]
[SourceDate "2011.11.24"]
[SourceVersion "1"]
[SourceVersionDate "2011.11.24"]
[SourceQuality "1"]

1. d4 f5 2. h3 d5 3. Nf3 Nf6 4. Bf4 e6 5. e3 Bd6 6. Ne5 0-0 7. Nd2 Bxe5 8. Bxe5 Nbd7 9. Bh2 Ne4 10. Nxe4 fxe4 11. Be2 c6 12. 0-0 Qf6 13. c4 Kh8 14. Rc1 Rf7 15. b4 Nf8 16. f3 Qg5 17. Bf4 Qh4 18. Qe1 Qxe1 19. Rcxe1 exf3 20. Bxf3 Ng6 21. Bg3 dxc4 22. Rc1 e5 23. Rxc4 Be6 24. Rc2 exd4 25. exd4 Nf4 26. Be4 Nd5 27. Rxf7 Bxf7 28. b5 cxb5 29. Rc5 Rd8 30. Be5 b6 31. Rc6 Kg8 32. Bxd5 Bxd5 33. Rc7 Bxa2 34. Rxg7+ Kf8 35. Rxa7 Bf7 36. Rb7 b4 37. Rxb6 b3 38. Kf2 Ra8 39. Ke3 Ra2 40. g3 b2 41. d5 Bxd5 42. Bxb2 Ra4 43. Bd4 Ra3+ 44. Kf4 Rf3+ 45. Kg4 h5+ 46. Kh4 Rd3 47. Be5 Bf3 48. Kg5 Ke7 49. Rh6 Rb3 50. Kf5 Kd7 51. Rh7+ Kc6 52. Rh8 Kd7 53. Rh6 Rd3 54. Rh7+ Kc6 55. Ke6 Bd5+ 56. Ke7 Bf3 57. Rh8 Rd7+ 58. Ke6 Bd5+ 59. Kf6 Bf3 60. Rc8+ Kb5 61. Rc3 Be2 62. Re3 Bd1 63. Kg5 Kc6 64. g4 Bxg4 65. hxg4 hxg4 66. Kxg4 Rf7 67. Kg5 Rf1 68. Bf4 Kd5 69. Kf5 Rb1 70. Rd3+ Kc4 71. Rd8 Re1 72. Be5 Rf1+ 73. Ke6 Rh1 74. Rd4+ Kb5 75. Kd5 Rh5 76. Rd1 Rh4 77. Rc1 Rh5 78. Rb1+ Ka5 79. Rb8 Rg5 80. Kd4 Ka6 81. Bd6 Rh5 82. Bc5 Ka5 83. Kc4 Ka6 84. Rb6+ Ka5 85. Rb7 1-0

[Event "FRA-chT2 North 0607"]
[Site "France"]
[Date "2007.03.31"]
[Round "10.7"]
[White "Fernandez, David"]
[Black "Houdayer, Jerome"]
[Result "0-1"]
[WhiteElo "2070"]
[BlackElo "1499"]
[PlyCount "78"]
[EventDate "2006.10.15"]
[EventType "team"]
[EventRounds "11"]
[EventCountry "FRA"]
[SourceTitle "EXT 2008"]
[Source "ChessBase"]
[SourceDate "2007.11.25"]
[SourceVersion "1"]
[SourceVersionDate "2007.11.25"]
[SourceQuality "1"]
[WhiteTeam "Bagneux"]
[BlackTeam "Arcueil"]
[WhiteTeamCountry "FRA"]
[BlackTeamCountry "FRA"]

1. e4 c6 2. d4 d5 3. exd5 cxd5 4. Bd3 Nc6 5. c3 Nf6 6. Nf3 Bg4 7. 0-0 Qc7 8. h3 Bh5 9. Re1 e6 10. Nbd2 Bd6 11. b4 Rc8 12. Be2 0-0 13. Nh4 Bxe2 14. Qxe2 Nb8 15. Bb2 Nbd7 16. Nhf3 Bf4 17. g3 Bh6 18. Kg2 Qd6 19. Ne5 Bxd2 20. Nxd7 Bxe1 21. Nxf8 Bxf2 22. Qxf2 Ne4 23. Qe3 Kxf8 24. a4 Rc4 25. Rc1 Qc7 26. h4 a5 27. Kh3 Qb6 28. Ba3 Kg8 29. h5 h6 30. g4 Qc6 31. Bb2 Qxa4 32. bxa5 Qxa5 33. Rf1 Qc7 34. Rf3 Ng5+ 35. Kg2 Nxf3 36. Qxf3 b5 37. Qg3 Qxg3+ 38. Kxg3 b4 39. cxb4 Rxb4 0-1